• 首页
  • 本馆介绍
  • 公告通知
  • 最新文献
  • 馆藏检索
  • 电子资源
  • 读者导购
  • 参考咨询
  • 我的图书馆
  • 登录
  • 详细信息显示
  • 放入我的书架
  • 预约/预借图书
  • 作者相关作品
  • 分类相关作品
  • 丛书相关作品
  • 出版社相关作品

书目信息

  • 表格格式
  • 工作单格式
  • 卡片格式
题名:
鲁迅和他的周边
    
 
作者: 古耜 著
分册:  
出版信息: 北京   中国言实出版社  2016
页数: 10,214页
开本: 24cm
丛书名:
单 册:
中图分类: I210.96 , I210
科图分类:
主题词: 鲁迅研究
电子资源:
ISBN: 978-7-5171-1857-2
000 00888nam0 2200241 450
001 2372243404
005 20231128221750.58
010    @a978-7-5171-1857-2@dCNY42.00
100    @a20160826d2016 em y0chiy50 ea
101 0  @achi
102    @aCN@b110000
105    @ay z 000yd
200 1  @a鲁迅和他的周边@Alu xun he ta de zhou bian@f古耜著
210    @a北京@c中国言实出版社@d2016
215    @a10,214页@d24cm
314    @a古耜,作家、学者、文学评论家。参与《金瓶梅词典》《中国散文百家谈》等十多部大型著作的撰稿,出版文学评论集《分享生活的诗意》等6部。
330    @a本书一部研究讨论鲁迅和他同时代人的著作。内容包括:鲁迅的改革理念;鲁迅:独对民族的“生死场”;鲁迅追寻的精神家园;鲁迅与风光自然;面对商业文化的鲁迅先生等。
606 0  @a鲁迅研究
690    @aI210.96@v5
690    @aI210@v4
701  0 @a古耜@Agu si@4著
801  0 @aCN@b91MARC@c20160826
905    @aZUCC@dI210@e13
    
    鲁迅和他的周边/古耜著.-北京:中国言实出版社,2016
    10,214页;24cm
    
    
    ISBN 978-7-5171-1857-2:CNY42.00
    本书一部研究讨论鲁迅和他同时代人的著作。内容包括:鲁迅的改革理念;鲁迅:独对民族的“生死场”;鲁迅追寻的精神家园;鲁迅与风光自然;面对商业文化的鲁迅先生等。
●
相关链接 在五车中查询图书 在当当中查询图书 在豆瓣中查询图书


正题名:鲁迅和他的周边     索取号:I210/13         预约/预借

序号 登录号 条形码 馆藏地/架位号 状态 备注
1 2001003877   2001003877   第四书库/四11架A面5层3列/ [索取号:I210/13] 在馆    
2 2001003878   2001003878   第四书库/四11架A面5层3列/ [索取号:I210/13] 在馆    
3 2001003879   2001003879   第四书库/四11架A面5层3列/ [索取号:I210/13] 在馆    
4 2001003880   2001003880   第四书库/四11架A面5层3列/ [索取号:I210/13] 在馆    
5 2001003881   2001003881   第四书库/四11架A面5层3列/ [索取号:I210/13] 在馆    
6 2001003882   2001003882   第四书库/四11架A面5层3列/ [索取号:I210/13] 在馆    
山东省滨州职业学院图书馆 欢迎您!
大连网信软件有限公司© 版权所有